[Event "FIDE World Cup 2019"]
[Site "Khanty-Mansiysk RUS"]
[Date "2019.09.11"]
[Round "2"]
[White "Artemiev, Vladislav"]
[Black "Iljiushenok, Ilia"]
[Result "1-0"]
[WhiteElo "2746"]
[BlackElo "2540"]
[PlyCount "91"]
[EventDate "2019.09.10"]

1. Nf3 Nf6 2. g3 g6 3. Bg2 Bg7 4. O-O O-O 5. d4 d6 6. Nc3 Nbd7 7. a4 c6 8. a5
Qc7 9. Qd3 Re8 10. Rd1 h6 11. h3 Rb8 12. e4 e5 13. dxe5 dxe5 14. Qc4 b5 15.
axb6 axb6 16. Nb5 Qd8 17. Nd6 Re6 18. Ra7 Qf8 19. Nxc8 Qxc8 20. h4 Rb7 21. Qa6
Nc5 22. Ra8 Nxa6 23. Rxc8+ Kh7 24. Bh3 Ree7 25. Rxc6 Nxe4 26. Be3 Rec7 27. Bc8
Nb4 28. Bxb7 Nxc6 29. Ba8 Rc8 30. Ra1 Nd6 31. Bxb6 e4 32. Nd2 Bxb2 33. Ra4 f5
34. c4 Bd4 35. c5 e3 36. Nf3 exf2+ 37. Kg2 Ne4 38. Nxd4 Rxa8 39. Rxa8 Nxd4 40.
Rd8 Nc6 41. Rc8 Nxg3 42. Kxf2 Ne4+ 43. Kg2 Ne5 44. c6 f4 45. c7 f3+ 46. Kg1 1-0

[Event "FIDE World Cup 2019"]
[Site "Khanty-Mansiysk RUS"]
[Date "2019.09.11"]
[Round "2"]
[White "Ghaem Maghami, Ehsan"]
[Black "Yu, Yangyi"]
[Result "1-0"]
[WhiteElo "2544"]
[BlackElo "2763"]
[PlyCount "263"]
[EventDate "2019.09.10"]

1. c4 Nf6 2. Nf3 c6 3. d4 d5 4. e3 Bf5 5. Nc3 e6 6. Nh4 Be4 7. f3 Bg6 8. Qb3
Qc7 9. Bd2 Be7 10. cxd5 cxd5 11. Nxg6 hxg6 12. Bd3 Nc6 13. Ne2 a6 14. Rc1 Rc8
15. h3 O-O 16. O-O Qd7 17. Rfd1 Bd6 18. Be1 Rfe8 19. f4 Rc7 20. g4 Rec8 21. Kg2
Qe7 22. a3 b5 23. a4 Nb4 24. Rxc7 Rxc7 25. Bxb4 Bxb4 26. axb5 axb5 27. Ng3 Bd6
28. Ra1 Rc8 29. Kf3 Nh7 30. Ra6 b4 31. Qa4 Nf8 32. g5 Qc7 33. h4 Rb8 34. Qc6
Qxc6 35. Rxc6 Rd8 36. Ne2 f6 37. Rb6 Kf7 38. Bb5 Bb8 39. Rb7+ Kg8 40. Nc1 e5
41. fxe5 fxe5 42. dxe5 Bxe5 43. Nd3 Bd6 44. Bc6 Kh7 45. Bxd5 Nd7 46. Be4 Rf8+
47. Ke2 Nc5 48. Nxc5 Bxc5 49. h5 Rd8 50. Rc7 Bd6 51. hxg6+ Kh8 52. Rc1 Be7 53.
Rg1 Kg8 54. Bc2 Ra8 55. Bb3+ Kf8 56. Rf1+ Ke8 57. Rf7 Ra5 58. Rxg7 Rxg5 59. Rh7
Bf6 60. Bf7+ Ke7 61. b3 Kd6 62. Rh1 Bc3 63. Rd1+ Ke7 64. Rf1 Rg3 65. Rf5 Rg1
66. Kf2 Rg4 67. Rb5 Kf6 68. Kf3 Rg1 69. Kf2 Rg4 70. Ke2 Rg2+ 71. Kd3 Rg3 72.
Rb6+ Kg7 73. Rb7 Kf6 74. Be8 Rg5 75. Rb6+ Kg7 76. Bf7 Rg3 77. Re6 Rg4 78. Re8
Kf6 79. Ke2 Rg3 80. Kf2 Rg5 81. Kf3 Rg1 82. Kf2 Rg5 83. Re6+ Kg7 84. Ke2 Rg2+
85. Kd3 Rg4 86. e4 Rg1 87. Kc4 Rg5 88. Re8 Kf6 89. e5+ Bxe5 90. Kxb4 Bd6+ 91.
Kc4 Rg4+ 92. Kd5 Be7 93. Rb8 Rg5+ 94. Kc6 Rg4 95. Rb5 Kg7 96. Re5 Bf8 97. Re3
Ba3 98. Rc3 Rb4 99. Rc2 Rb8 100. Ra2 Bf8 101. Ra7 Rb4 102. Rb7 Rd4 103. Be8+
Kg8 104. Rh7 Bg7 105. Bf7+ Kf8 106. Kc5 Rd1 107. b4 Rc1+ 108. Kb5 Rb1 109. Rh4
Bf6 110. Re4 Kg7 111. Kb6 Bd8+ 112. Kc6 Rc1+ 113. Kd5 Rb1 114. Be8 Rd1+ 115.
Kc4 Rc1+ 116. Kb3 Rb1+ 117. Kc2 Rg1 118. b5 Kf6 119. Bf7 Rg5 120. Re6+ Kg7 121.
Be8 Kf8 122. Kd3 Rg3+ 123. Kc4 Rg5 124. Bf7 Be7 125. Rc6 Rg4+ 126. Kd5 Rg5+
127. Ke6 Bb4 128. Rc8+ Kg7 129. Rg8+ Kh6 130. Rh8+ Kg7 131. Rh7+ Kf8 132. g7+
1-0

[Event "FIDE World Cup 2019"]
[Site "Khanty-Mansiysk RUS"]
[Date "2019.09.11"]
[Round "2"]
[White "Karjakin, Sergey"]
[Black "Megaranto, Susanto"]
[Result "1/2-1/2"]
[WhiteElo "2760"]
[BlackElo "2550"]
[PlyCount "77"]
[EventDate "2019.09.10"]

1. e4 d6 2. d4 Nf6 3. Nc3 g6 4. Be3 Bg7 5. Qd2 c6 6. f3 b5 7. O-O-O Qa5 8. Kb1
Nbd7 9. Nd5 Qxd2 10. Nxf6+ Nxf6 11. Bxd2 d5 12. e5 Nd7 13. h4 h5 14. Ba5 Bh6
15. Bd3 Nb6 16. b3 Bf5 17. Nh3 Bxh3 18. Rxh3 e6 19. f4 Bf8 20. Be2 Be7 21. Rdh1
Kd7 22. g4 hxg4 23. Bxg4 Raf8 24. h5 gxh5 25. Bxh5 Rhg8 26. Be2 Rg2 27. Bf3 Rg7
28. Bd2 Rfg8 29. c3 f5 30. exf6 Bxf6 31. Rh6 Rf8 32. f5 exf5 33. R6h5 f4 34.
Rf5 Be7 35. Rxf8 Bxf8 36. Bxf4 Bd6 37. Bh6 Rh7 38. Bd2 Rxh1+ 39. Bxh1 1/2-1/2

[Event "FIDE World Cup 2019"]
[Site "Khanty-Mansiysk RUS"]
[Date "2019.09.11"]
[Round "2"]
[White "Bellahcene, Bilel"]
[Black "Nakamura, Hikaru"]
[Result "1/2-1/2"]
[WhiteElo "2540"]
[BlackElo "2745"]
[PlyCount "32"]
[EventDate "2019.09.10"]

1. e4 c6 2. d4 d5 3. Nc3 dxe4 4. Nxe4 Nf6 5. Nxf6+ exf6 6. c3 Bd6 7. Bd3 O-O 8.
Qc2 Re8+ 9. Ne2 h5 10. Be3 Nd7 11. O-O h4 12. h3 Nf8 13. Qd2 Ng6 14. Qc2 Nf8
15. Qd2 Ng6 16. Qc2 Nf8 1/2-1/2

[Event "FIDE World Cup 2019"]
[Site "Khanty-Mansiysk RUS"]
[Date "2019.09.11"]
[Round "2"]
[White "Andreikin, Dmitry"]
[Black "Mekhitarian, Krikor Sevag"]
[Result "1/2-1/2"]
[WhiteElo "2741"]
[BlackElo "2558"]
[PlyCount "94"]
[EventDate "2019.09.10"]

1. d4 Nf6 2. Nf3 d5 3. c4 e6 4. e3 Be7 5. Nc3 O-O 6. a3 b6 7. cxd5 exd5 8. b4
c6 9. Bd3 Ba6 10. O-O Bxd3 11. Qxd3 b5 12. Ne5 a5 13. bxa5 Rxa5 14. Bd2 Ra7 15.
a4 bxa4 16. Rxa4 Rxa4 17. Nxa4 Nfd7 18. Rc1 Nxe5 19. dxe5 Nd7 20. Bc3 Re8 21.
h3 Qa8 22. Qd1 Bf8 23. e4 Nxe5 24. exd5 cxd5 25. Nb6 Qb7 26. Nxd5 h6 27. Rb1
Qc8 28. Rc1 Qd8 29. Qa4 Re6 30. Nf4 Rc6 31. Rd1 Rd6 32. Re1 Nc6 33. Nh5 Qd7 34.
Qa1 Nd4 35. Qa8 Ne6 36. Re3 Qd8 37. Qe4 Rd1+ 38. Kh2 Bd6+ 39. g3 Bc5 40. Re2
Qd5 41. Qxd5 Rxd5 42. Nf4 Nxf4 43. gxf4 Bd6 44. Kg3 f6 45. Rd2 Rxd2 46. Bxd2
Kf7 47. Kg4 g6 1/2-1/2

[Event "FIDE World Cup 2019"]
[Site "Khanty-Mansiysk RUS"]
[Date "2019.09.11"]
[Round "2"]
[White "Christiansen, Johan-Sebastian"]
[Black "Wojtaszek, Radoslaw"]
[Result "1-0"]
[WhiteElo "2558"]
[BlackElo "2739"]
[PlyCount "85"]
[EventDate "2019.09.10"]

1. e4 c5 2. Nf3 d6 3. d4 cxd4 4. Nxd4 Nf6 5. Nc3 a6 6. Bg5 Nbd7 7. Qe2 h6 8.
Bh4 g6 9. f4 e5 10. fxe5 dxe5 11. O-O-O Qc7 12. Nb3 b5 13. Rxd7 Nxd7 14. Nd5
Qb8 15. Na5 Bc5 16. Qd2 g5 17. Bg3 Qd6 18. Be2 O-O 19. Rf1 f6 20. h4 Kg7 21.
hxg5 fxg5 22. Rxf8 Nxf8 23. b4 Ba7 24. Qc3 Ng6 25. Nc6 Bb8 26. Nxe5 Nxe5 27.
Qxc8 Ra7 28. Bf2 Rf7 29. Bc5 Rf8 30. Qb7+ Rf7 31. Qc8 Rf8 32. Qh3 Qc6 33. Bxf8+
Kxf8 34. Kb1 Kg7 35. Bd3 Ba7 36. Qf5 Bd4 37. a3 Qd6 38. Be2 Qc6 39. Bd3 Qd6 40.
Be2 Qc6 41. Bh5 Qd6 42. Qc8 Nc4 43. Nc7 1-0

[Event "FIDE World Cup 2019"]
[Site "Khanty-Mansiysk RUS"]
[Date "2019.09.11"]
[Round "2"]
[White "Harikrishna, Pentala"]
[Black "Gonzalez Vidal, Yuri"]
[Result "1-0"]
[WhiteElo "2746"]
[BlackElo "2552"]
[PlyCount "83"]
[EventDate "2019.09.10"]

1. d4 Nf6 2. c4 e6 3. Nf3 b6 4. g3 Ba6 5. Nbd2 Bb7 6. Bg2 c5 7. O-O Qc7 8. dxc5
bxc5 9. b3 Be7 10. Bb2 O-O 11. Qc2 d6 12. Ng5 Nbd7 13. Bxb7 Qxb7 14. Nde4 Nxe4
15. Qxe4 Qxe4 16. Nxe4 f5 17. Nc3 Kf7 18. Rad1 a6 19. Na4 Nf6 20. Bxf6 Kxf6 21.
Rfe1 Rad8 22. e4 g6 23. Nb2 Kf7 24. Nd3 Rfe8 25. Kf1 Bf8 26. exf5 gxf5 27. g4
fxg4 28. Re4 Bg7 29. Rxg4 Bf6 30. b4 Rg8 31. Rf4 cxb4 32. Nxb4 Rg5 33. Nxa6 Ke7
34. Rb1 Rd7 35. Rb6 Kf7 36. Nb8 Rd8 37. Nc6 Rd7 38. a4 d5 39. h4 Rh5 40. a5 d4
41. a6 d3 42. Rb7 1-0

[Event "FIDE World Cup 2019"]
[Site "Khanty-Mansiysk RUS"]
[Date "2019.09.11"]
[Round "2"]
[White "Henriquez Villagra, Cristobal"]
[Black "Duda, Jan-Krzysztof"]
[Result "1/2-1/2"]
[WhiteElo "2587"]
[BlackElo "2730"]
[PlyCount "65"]
[EventDate "2019.09.10"]

1. e4 e5 2. Nf3 Nf6 3. Nxe5 d6 4. Nf3 Nxe4 5. Nc3 Nxc3 6. dxc3 Be7 7. Be3 Nc6
8. Qd2 Be6 9. O-O-O Qd7 10. h4 Bf6 11. Kb1 O-O-O 12. Nd4 Nxd4 13. Bxd4 Be5 14.
f4 a6 15. Be2 Bxd4 16. Qxd4 Bg4 17. Qa7 c5 18. Bxg4 Qxg4 19. b4 Qd7 20. Rd5 Qc6
21. Rhd1 Kc7 22. bxc5 dxc5 23. Rxc5 Rxd1+ 24. Kb2 Re8 25. Rxc6+ Kxc6 26. Qf2
Rd7 27. g4 f6 28. g5 fxg5 29. hxg5 g6 30. f5 gxf5 31. Qxf5 Kc7 32. c4 Rg8 33.
Qe5+ 1/2-1/2

[Event "FIDE World Cup 2019"]
[Site "Khanty-Mansiysk RUS"]
[Date "2019.09.11"]
[Round "2"]
[White "Urkedal, Frode Olav Olsen"]
[Black "Vitiugov, Nikita"]
[Result "0-1"]
[WhiteElo "2550"]
[BlackElo "2731"]
[PlyCount "137"]
[EventDate "2019.09.10"]

1. d4 Nf6 2. c4 e6 3. Nc3 Bb4 4. Nf3 Bxc3+ 5. bxc3 d6 6. Nd2 O-O 7. e4 e5 8.
Bd3 Nc6 9. Bb2 Ne7 10. O-O Ng6 11. g3 Bh3 12. Re1 Ne8 13. Qh5 Qd7 14. Nf1 Bg4
15. Qg5 f5 16. f3 Bxf3 17. exf5 e4 18. Rxe4 Bxe4 19. Bxe4 Ne7 20. g4 Nf6 21.
Bd3 h6 22. Qf4 Rae8 23. Ng3 g5 24. Qf3 Qc6 25. Ne4 Kg7 26. Bc1 Nxf5 27. d5 Nh4
28. Qxf6+ Rxf6 29. dxc6 Rf3 30. Be2 Rff8 31. Ng3 bxc6 32. Rb1 Rb8 33. Rxb8 Rxb8
34. Bd3 Nf3+ 35. Kf2 Ne5 36. Bf5 c5 37. Ke2 Nxc4 38. Kd3 Ne5+ 39. Kc2 Nf3 40.
h3 Ng1 41. Be4 Nxh3 42. c4 Nf4 43. Bxf4 gxf4 44. Nh5+ Kf7 45. Nxf4 Kf6 46. Nd5+
Ke5 47. Bd3 Rg8 48. Be2 Rg7 49. Kd3 c6 50. Ne3 Kf4 51. Ng2+ Kg3 52. Ne3 Rg6 53.
Nf5+ Kf4 54. Ne7 Re6 55. Nxc6 Re3+ 56. Kd2 Ra3 57. Ne7 Rxa2+ 58. Kd3 a5 59.
Nd5+ Kg3 60. Nc3 Rxe2 61. Kxe2 Kxg4 62. Nb5 a4 63. Kd3 Kf4 64. Nxd6 a3 65. Kc2
h5 66. Nb7 h4 67. Nxc5 h3 68. Nd3+ Kg3 69. Nc1 0-1

[Event "FIDE World Cup 2019"]
[Site "Khanty-Mansiysk RUS"]
[Date "2019.09.11"]
[Round "2"]
[White "Wei, Yi"]
[Black "Santos Ruiz, Miguel"]
[Result "1-0"]
[WhiteElo "2721"]
[BlackElo "2560"]
[PlyCount "81"]
[EventDate "2019.09.10"]

1. e4 e5 2. Nf3 Nc6 3. Bb5 a6 4. Ba4 Nf6 5. O-O b5 6. Bb3 Bc5 7. a4 Rb8 8. c3
d6 9. d4 Bb6 10. a5 Ba7 11. Be3 Bg4 12. Nbd2 exd4 13. cxd4 O-O 14. h3 Bh5 15.
Qc1 Nb4 16. g4 Bg6 17. Bg5 h6 18. Bh4 c5 19. Qc3 cxd4 20. Nxd4 Nxe4 21. Nxe4
Qxh4 22. Nxd6 Nd3 23. N4f5 Bxf2+ 24. Kg2 Nf4+ 25. Kh2 Qxh3+ 26. Qxh3 Nxh3 27.
Kxh3 Bc5 28. Rac1 Bb4 29. Rc6 Rbd8 30. Rf3 Bxf5 31. Nxf5 Rd2 32. Rxa6 Kh7 33.
Ra7 Re8 34. Rxf7 Ree2 35. Rxg7+ Kh8 36. Rg8+ Kh7 37. Rg7+ Kh8 38. Rg6 Rh2+ 39.
Kg3 Kh7 40. Nh4 Rxh4 41. Rc6 1-0

[Event "FIDE World Cup 2019"]
[Site "Khanty-Mansiysk RUS"]
[Date "2019.09.11"]
[Round "2"]
[White "Aleksandrov, Aleksej"]
[Black "Le, Quang Liem"]
[Result "1/2-1/2"]
[WhiteElo "2577"]
[BlackElo "2708"]
[PlyCount "72"]
[EventDate "2019.09.10"]

1. d4 Nf6 2. c4 e6 3. Nc3 Bb4 4. e3 O-O 5. Nge2 Re8 6. a3 Bf8 7. Ng3 d5 8. Be2
b6 9. O-O Bb7 10. b4 Nbd7 11. Qb3 c6 12. Rd1 a5 13. Bd2 axb4 14. axb4 Qe7 15.
cxd5 exd5 16. Qc2 g6 17. Bd3 Bg7 18. Nce2 b5 19. Rxa8 Rxa8 20. Nc1 Nb6 21. Nb3
Nc4 22. Be1 h5 23. Nf1 Bc8 24. Ra1 Rxa1 25. Nxa1 Qa7 26. Nb3 Ne8 27. Nfd2 Ned6
28. Na5 Qc7 29. Qa2 Qa7 30. Ndb3 Bf5 31. Bf1 Qa8 32. Nc5 Ne4 33. Bd3 Ned6 34.
Bf1 Bf8 35. Qa1 Ne4 36. Nab3 Qxa1 1/2-1/2

[Event "FIDE World Cup 2019"]
[Site "Khanty-Mansiysk RUS"]
[Date "2019.09.11"]
[Round "2"]
[White "Xu, Xiangyu"]
[Black "Bu, Xiangzhi"]
[Result "1/2-1/2"]
[WhiteElo "2576"]
[BlackElo "2721"]
[PlyCount "69"]
[EventDate "2019.09.10"]

1. d4 d5 2. c4 c6 3. cxd5 cxd5 4. Bf4 Nc6 5. e3 Nf6 6. Nc3 Bf5 7. Nf3 e6 8. Rc1
Bb4 9. Be2 Ne4 10. O-O Bxc3 11. bxc3 g5 12. Bg3 h5 13. Ne5 Nxg3 14. hxg3 Nxe5
15. dxe5 g4 16. c4 dxc4 17. Qa4+ Kf8 18. Qxc4 Kg7 19. Qf4 Qe7 20. Rcd1 Rac8 21.
Rd6 Rc7 22. Rfd1 Rhc8 23. e4 Bg6 24. a4 a6 25. a5 Kh7 26. Bf1 Qf8 27. Rb1 Qh6
28. Bd3 Rc1+ 29. Rxc1 Rxc1+ 30. Kh2 Rc5 31. Rd7 Qg7 32. Rxb7 Rxa5 33. Ra7 Qxe5
34. Qxe5 Rxe5 35. f3 1/2-1/2

[Event "FIDE World Cup 2019"]
[Site "Khanty-Mansiysk RUS"]
[Date "2019.09.11"]
[Round "2"]
[White "Wang, Hao"]
[Black "Pridorozhni, Aleksei"]
[Result "1/2-1/2"]
[WhiteElo "2726"]
[BlackElo "2599"]
[PlyCount "63"]
[EventDate "2019.09.10"]

1. Nf3 d5 2. d4 Nf6 3. c4 e6 4. g3 Be7 5. Bg2 O-O 6. O-O c6 7. Nc3 b6 8. b3
Nbd7 9. Bb2 Ba6 10. Nd2 b5 11. c5 b4 12. Na4 Bb5 13. Re1 Qc7 14. a3 a5 15. Qc2
Rfe8 16. e3 Bf8 17. f4 g6 18. Bf3 h6 19. Bc1 Bg7 20. Nb2 Qb7 21. a4 Ba6 22. Nd1
Nh7 23. Nf2 f5 24. Bb2 Nhf6 25. g4 Ne4 26. Bxe4 fxe4 27. Ndxe4 dxe4 28. Nxe4
Nf6 29. Nd6 Qe7 30. Qxg6 Nd5 31. Nxe8 Rxe8 32. h4 1/2-1/2

[Event "FIDE World Cup 2019"]
[Site "Khanty-Mansiysk RUS"]
[Date "2019.09.11"]
[Round "2"]
[White "Safarli, Eltaj"]
[Black "Shankland, Sam"]
[Result "1/2-1/2"]
[WhiteElo "2593"]
[BlackElo "2705"]
[PlyCount "65"]
[EventDate "2019.09.10"]

1. e4 e5 2. Nf3 Nc6 3. Bb5 a6 4. Bxc6 dxc6 5. O-O Qf6 6. d4 exd4 7. Bg5 Qd6 8.
Nxd4 Bd7 9. Nc3 Be7 10. Bxe7 Nxe7 11. Nde2 O-O-O 12. Qxd6 cxd6 13. Rad1 Kc7 14.
Rfe1 Rhe8 15. f3 Ng6 16. Ng3 Nf4 17. Kf2 Be6 18. Nce2 Nxe2 19. Rxe2 g6 20. a3
b5 21. Red2 a5 22. Ne2 f5 23. exf5 Bxf5 24. Ng3 Re5 25. Nxf5 Rxf5 26. Re1 b4
27. axb4 axb4 28. Re4 Rb5 29. c3 bxc3 30. bxc3 Rd7 31. c4 Rb3 32. Red4 Rc3 33.
h4 1/2-1/2

[Event "FIDE World Cup 2019"]
[Site "Khanty-Mansiysk RUS"]
[Date "2019.09.11"]
[Round "2"]
[White "Matlakov, Maxim"]
[Black "Abdusattorov, Nodirbek"]
[Result "1/2-1/2"]
[WhiteElo "2716"]
[BlackElo "2608"]
[PlyCount "67"]
[EventDate "2019.09.10"]

1. e4 c5 2. Nf3 d6 3. d4 cxd4 4. Nxd4 Nf6 5. Nc3 a6 6. g3 e5 7. Nde2 Be7 8. Bg2
b5 9. Nd5 Nxd5 10. Qxd5 Ra7 11. Nc3 b4 12. Nd1 Nd7 13. a3 Nf6 14. Qd3 bxa3 15.
b3 O-O 16. O-O a5 17. Bxa3 Ba6 18. c4 Nd7 19. Ne3 Nc5 20. Bxc5 dxc5 21. Qc3 Bb7
22. Rfd1 Qc7 23. Nf5 Re8 24. Rd2 Bf8 25. h4 Bc6 26. h5 Rb8 27. Rd3 a4 28. bxa4
Rxa4 29. Rad1 Rab4 30. Ne3 Rb1 31. Ng4 Rxd1+ 32. Rxd1 Rd8 33. Rxd8 Qxd8 34.
Nxe5 1/2-1/2

[Event "FIDE World Cup 2019"]
[Site "Khanty-Mansiysk RUS"]
[Date "2019.09.11"]
[Round "2"]
[White "Petrov, Nikita"]
[Black "Tomashevsky, Evgeny"]
[Result "1/2-1/2"]
[WhiteElo "2586"]
[BlackElo "2718"]
[PlyCount "53"]
[EventDate "2019.09.10"]

1. d4 Nf6 2. c4 e6 3. Nc3 Bb4 4. Qc2 d5 5. cxd5 exd5 6. Bg5 c5 7. dxc5 h6 8.
Bh4 O-O 9. e3 Be6 10. Nf3 Nbd7 11. Be2 Rc8 12. O-O Rxc5 13. Nd4 Re8 14. Rfc1 g5
15. Bg3 Ne4 16. Qb3 Bxc3 17. bxc3 Qb6 18. Bd3 Qxb3 19. axb3 Nxg3 20. hxg3 a6
21. b4 Rc7 22. b5 Nc5 23. Bf1 axb5 24. Nxb5 Rc6 25. Nd4 Rc7 26. Nb5 Rc6 27. Nd4
1/2-1/2

[Event "FIDE World Cup 2019"]
[Site "Khanty-Mansiysk RUS"]
[Date "2019.09.11"]
[Round "2"]
[White "Vidit, Santosh Gujrathi"]
[Black "Pichot, Alan"]
[Result "1-0"]
[WhiteElo "2718"]
[BlackElo "2600"]
[PlyCount "85"]
[EventDate "2019.09.10"]

1. Nf3 d5 2. d4 Nf6 3. c4 e6 4. g3 dxc4 5. Bg2 c6 6. a4 Bb4+ 7. Bd2 a5 8. Qc2
Bxd2+ 9. Qxd2 b5 10. axb5 cxb5 11. Qg5 O-O 12. Qxb5 Ba6 13. Qa4 Qb6 14. O-O
Qxb2 15. Nbd2 Bb5 16. Nxc4 Bxa4 17. Nxb2 Bb5 18. Ne5 Ra7 19. Nbc4 Nbd7 20. Nxa5
Bxe2 21. Rfe1 Bh5 22. Nac6 Rxa1 23. Rxa1 Nxe5 24. dxe5 Nd7 25. f4 Re8 26. Ra7
Nc5 27. Kf2 Kf8 28. Ke3 Bg6 29. g4 Rc8 30. Ne7 Rd8 31. f5 exf5 32. gxf5 Bh5 33.
Nc6 Rc8 34. Bd5 h6 35. Kd4 Nb3+ 36. Bxb3 Rxc6 37. Ra8+ Ke7 38. Ba4 Bf3 39. Ra7+
Kf8 40. Bxc6 Bxc6 41. Kc5 Be4 42. Kd6 g5 43. e6 1-0

[Event "FIDE World Cup 2019"]
[Site "Khanty-Mansiysk RUS"]
[Date "2019.09.11"]
[Round "2"]
[White "Xiong, Jeffery"]
[Black "Lysyj, Igor"]
[Result "1-0"]
[WhiteElo "2707"]
[BlackElo "2596"]
[PlyCount "33"]
[EventDate "2019.09.10"]

1. e4 e6 2. d4 d5 3. exd5 exd5 4. Nf3 Bd6 5. c4 Nf6 6. c5 Be7 7. Bd3 O-O 8. O-O
b6 9. Be3 a5 10. cxb6 cxb6 11. Nc3 Ba6 12. Ne5 h6 13. Rc1 Bxd3 14. Qxd3 a4 15.
a3 Bd6 16. Qd1 Ne4 17. Nxd5 1-0

[Event "FIDE World Cup 2019"]
[Site "Khanty-Mansiysk RUS"]
[Date "2019.09.11"]
[Round "2"]
[White "Pashikian, Arman"]
[Black "Firouzja, Alireza"]
[Result "1/2-1/2"]
[WhiteElo "2599"]
[BlackElo "2702"]
[PlyCount "107"]
[EventDate "2019.09.10"]

1. d4 Nf6 2. c4 e6 3. Nf3 d5 4. Nc3 Be7 5. Bg5 h6 6. Bxf6 Bxf6 7. e3 c6 8. Bd3
O-O 9. O-O dxc4 10. Bxc4 Nd7 11. Bb3 Qe7 12. Rc1 g6 13. Qc2 Bg7 14. Ne4 Kh8 15.
Rfd1 e5 16. d5 cxd5 17. Nc3 Nb6 18. Nxd5 Nxd5 19. Bxd5 Rd8 20. e4 Be6 21. Bxe6
Qxe6 22. Qc7 Rxd1+ 23. Rxd1 Qxa2 24. Qxb7 Rf8 25. h4 h5 26. Rd7 Kg8 27. g3 a5
28. Kg2 a4 29. Qb4 Qb3 30. Qxb3 axb3 31. Rb7 f6 32. Nd2 Rc8 33. Nxb3 Rc2 34.
Na5 f5 35. Kf3 Bf8 36. b4 Rc3+ 37. Ke2 Rc2+ 38. Kf3 Rc3+ 39. Ke2 Rc2+ 40. Ke3
Bh6+ 41. Kf3 Bf8 42. Rb6 Rc3+ 43. Ke2 Rc2+ 44. Kd3 Rxf2 45. Rxg6+ Kf7 46. Rg5
Rf3+ 47. Kc4 fxe4 48. Nc6 Ke6 49. b5 Bd6 50. Rg6+ Rf6 51. Rg7 Rf8 52. Rg6+ Rf6
53. Rg7 Rf8 54. Rg6+ 1/2-1/2

[Event "World Cup Knockout ((tie-break)) 2019"]
[Site "Khanty-Mansiysk RUS"]
[Date "2019.09.12"]
[Round "1"]
[White "Ghaem Maghami, Ehsan"]
[Black "Yu, Yangyi"]
[Result "1/2-1/2"]
[WhiteElo "2544"]
[BlackElo "2763"]
[PlyCount "61"]
[EventDate "2019.09.10"]

1. d4 Nf6 2. c4 g6 3. Nc3 d5 4. Bf4 Bg7 5. e3 dxc4 6. Bxc4 O-O 7. Nf3 Nbd7 8.
O-O Nh5 9. Bg5 h6 10. Bh4 g5 11. Nd2 Ndf6 12. Bg3 Nxg3 13. hxg3 Rb8 14. Rc1 Bf5
15. Re1 e6 16. Nf3 c6 17. a3 Nd5 18. Nxd5 exd5 19. Bd3 Bg4 20. Qc2 Qd6 21. Bf5
Bxf5 22. Qxf5 Qe6 23. Qd3 Qg6 24. Qxg6 fxg6 25. b4 g4 26. Nd2 Rf6 27. Nb3 Bf8
28. Re2 h5 29. Rec2 Kf7 30. Rb1 Ke8 31. Nc1 1/2-1/2

[Event "World Cup Knockout ((tie-break)) 2019"]
[Site "Khanty-Mansiysk RUS"]
[Date "2019.09.12"]
[Round "1"]
[White "Bellahcene, Bilel"]
[Black "Nakamura, Hikaru"]
[Result "0-1"]
[WhiteElo "2540"]
[BlackElo "2745"]
[PlyCount "174"]
[EventDate "2019.09.10"]

1. e4 e5 2. Nf3 Nc6 3. Bb5 Nf6 4. O-O Nxe4 5. Re1 Nd6 6. Nxe5 Be7 7. Bf1 Nxe5
8. Rxe5 O-O 9. d4 Ne8 10. d5 d6 11. Re1 Bf5 12. c4 Nf6 13. Nc3 Re8 14. h3 h6
15. Bd3 Bxd3 16. Qxd3 Nd7 17. Be3 Bf6 18. Rac1 Bxc3 19. Qxc3 b6 20. Qd2 a5 21.
b3 Qf6 22. Bd4 Qg5 23. Qxg5 hxg5 24. Kf1 Rxe1+ 25. Rxe1 Kf8 26. Ke2 f6 27. Kd2
Kf7 28. a3 Nf8 29. Ke2 Ng6 30. Kf1 Ne7 31. a4 Rh8 32. f3 Ng6 33. Bf2 Ne5 34.
Bg3 Nd3 35. Re3 Nc5 36. Bf2 Nd7 37. Re4 Ne5 38. Bd4 Nd3 39. Re3 Nb4 40. Bc3 Na6
41. Bb2 Rh4 42. Ke2 Nc5 43. Kd2 Nd7 44. Kc2 Rh8 45. Bc3 Rc8 46. Bd4 Nf8 47. Kd2
Ng6 48. Ke2 Nh4 49. Kf2 Nf5 50. Re4 Rh8 51. Bc3 Ne7 52. Bd4 Ng6 53. Bc3 Nf4 54.
Bd2 Nd3+ 55. Kf1 Nc5 56. Re3 Re8 57. Rc3 Kg6 58. Be3 Na6 59. Kf2 f5 60. Bc1 f4
61. Ba3 Nb8 62. Rd3 Nd7 63. Rc3 Nf6 64. Bc1 Nh5 65. Rc2 Ng3 66. Rb2 Kh5 67. Rc2
Kh4 68. Rb2 Kh5 69. Rc2 Kh6 70. Rb2 Kg6 71. Rc2 Nf5 72. Rc3 Kf7 73. Rd3 Ng3 74.
Bd2 Re2+ 75. Kg1 Kg6 76. h4 Re8 77. hxg5 Kxg5 78. Kf2 Re2+ 79. Kg1 Kf5 80. Rd4
g5 81. Rd3 Re7 82. Kf2 Rh7 83. Rc3 Re7 84. Rd3 Re2+ 85. Kg1 Kg6 86. Rd4 Nf5 87.
Rd3 Nh4 0-1

[Event "World Cup Knockout ((tie-break)) 2019"]
[Site "Khanty-Mansiysk RUS"]
[Date "2019.09.12"]
[Round "1"]
[White "Andreikin, Dmitry"]
[Black "Mekhitarian, Krikor Sevag"]
[Result "1-0"]
[WhiteElo "2741"]
[BlackElo "2558"]
[PlyCount "75"]
[EventDate "2019.09.10"]

1. c4 c5 2. Nf3 Nc6 3. Nc3 g6 4. g3 Bg7 5. Bg2 d6 6. O-O e6 7. e3 Nge7 8. d4
O-O 9. Re1 Rb8 10. b3 cxd4 11. exd4 Nf5 12. Bg5 Qa5 13. Ne4 h6 14. Bd2 Qd8 15.
d5 exd5 16. cxd5 Ne5 17. Bc3 Re8 18. Rc1 Bd7 19. Ba1 Qb6 20. Nfd2 Bb5 21. Nc4
Bxc4 22. bxc4 Rbc8 23. Qa4 Re7 24. Red1 Nd7 25. Bxg7 Kxg7 26. Rb1 Qc7 27. Qxa7
Nc5 28. Nxc5 Qxc5 29. Qxc5 Rxc5 30. Bf1 Ra5 31. Rd2 Rc7 32. Rb6 Ra6 33. Rdb2
Nd4 34. Rxa6 bxa6 35. Rb6 Nf3+ 36. Kg2 Nd2 37. Rxd6 Nxf1 38. Rc6 1-0

[Event "World Cup Knockout ((tie-break)) 2019"]
[Site "Khanty-Mansiysk RUS"]
[Date "2019.09.12"]
[Round "1"]
[White "Le, Quang Liem"]
[Black "Aleksandrov, Aleksej"]
[Result "1-0"]
[WhiteElo "2708"]
[BlackElo "2577"]
[PlyCount "72"]
[EventDate "2019.09.10"]

1. c4 e6 2. Nc3 d5 3. d4 Bb4 4. a3 Bxc3+ 5. bxc3 c5 6. e3 Nf6 7. cxd5 exd5 8.
Bd3 O-O 9. Ne2 b6 10. O-O Ba6 11. f3 Bxd3 12. Qxd3 Re8 13. Ng3 Nc6 14. Bb2 c4
15. Qe2 h5 16. Qf2 b5 17. Rae1 h4 18. Nf5 h3 19. Qg3 g6 20. e4 hxg2 21. Qxg2
Kh8 22. Ng3 Ne7 23. Bc1 a5 24. Qh3+ Nh7 25. Bf4 Ra6 26. Kh1 Qc8 27. Qh4 Re6 28.
e5 Rb6 29. Rg1 Nf5 30. Nxf5 Qxf5 31. Rg3 Rg8 32. Bg5 Re6 33. Rh3 Rg7 34. Bf6 g5
35. Bxg7+ Kxg7 36. Rg1 Rg6 1-0

[Event "World Cup Knockout ((tie-break)) 2019"]
[Site "Khanty-Mansiysk RUS"]
[Date "2019.09.12"]
[Round "1"]
[White "Pridorozhni, Aleksei"]
[Black "Wang, Hao"]
[Result "1/2-1/2"]
[WhiteElo "2599"]
[BlackElo "2726"]
[PlyCount "61"]
[EventDate "2019.09.10"]

1. e4 c6 2. Nc3 d5 3. Nf3 Bg4 4. h3 Bxf3 5. Qxf3 Nf6 6. Be2 e6 7. O-O Nbd7 8.
d4 dxe4 9. Nxe4 Nxe4 10. Qxe4 Nf6 11. Qd3 Bd6 12. c3 O-O 13. Qc2 Qc7 14. Bf3
Bf4 15. g3 Bxc1 16. Raxc1 Rfe8 17. Rfe1 e5 18. dxe5 Rxe5 19. Rxe5 Qxe5 20. Qb3
Qc7 21. Re1 Re8 22. Rxe8+ Nxe8 23. Qa4 a6 24. Qd4 g6 25. h4 h5 26. Kg2 Qe7 27.
b4 Nd6 28. a4 Qe6 29. Qb6 Qd7 30. Qd4 Qe6 31. Qb6 1/2-1/2

[Event "World Cup Knockout ((tie-break)) 2019"]
[Site "Khanty-Mansiysk RUS"]
[Date "2019.09.12"]
[Round "1"]
[White "Abdusattorov, Nodirbek"]
[Black "Matlakov, Maxim"]
[Result "1/2-1/2"]
[WhiteElo "2608"]
[BlackElo "2716"]
[PlyCount "102"]
[EventDate "2019.09.10"]

1. e4 e5 2. Nf3 Nc6 3. Bb5 a6 4. Ba4 Nf6 5. O-O Bc5 6. c3 b5 7. Bb3 d6 8. a4
Bb7 9. d4 Bb6 10. Re1 O-O 11. Bg5 h6 12. Bh4 exd4 13. cxd4 g5 14. Bg3 Re8 15.
Nc3 Na5 16. e5 b4 17. exf6 Rxe1+ 18. Nxe1 bxc3 19. bxc3 Qxf6 20. Bc2 Re8 21.
Qd3 Bd5 22. Nf3 Nc4 23. Bb3 Qe6 24. h4 gxh4 25. Bxh4 Nb2 26. Bxd5 Nxd3 27. Bxe6
fxe6 28. Nd2 e5 29. Nb3 a5 30. Kf1 exd4 31. cxd4 Kf7 32. f3 Ke6 33. Rd1 Nb2 34.
Rb1 Nxa4 35. Nxa5 Bxa5 36. Ra1 Kd5 37. Rxa4 Bc3 38. Bf2 Rb8 39. Be3 h5 40. Ke2
Rb2+ 41. Kd3 Bb4 42. Ra8 Rxg2 43. Rb8 c5 44. dxc5 dxc5 45. Rd8+ Kc6 46. Rh8 Rh2
47. Kc4 Rc2+ 48. Kd3 Rh2 49. Kc4 h4 50. Rh6+ Kd7 51. Kd5 Re2 1/2-1/2